<?xml version="1.0" encoding="UTF-8"?>
<record
    xmlns:xsi="http://www.w3.org/2001/XMLSchema-instance"
    xsi:schemaLocation="http://www.loc.gov/MARC21/slim http://www.loc.gov/standards/marcxml/schema/MARC21slim.xsd"
    xmlns="http://www.loc.gov/MARC21/slim">

  <leader>02382nam a2200253 a 4500</leader>
  <controlfield tag="001">000002043</controlfield>
  <controlfield tag="005">20200929145817.0</controlfield>
  <controlfield tag="008">090630s2000    dr a          001 0dspa d</controlfield>
  <datafield tag="020" ind1=" " ind2=" ">
    <subfield code="a">9993401595</subfield>
  </datafield>
  <datafield tag="020" ind1=" " ind2=" ">
    <subfield code="c">9789993401599</subfield>
  </datafield>
  <datafield tag="040" ind1=" " ind2=" ">
    <subfield code="a">DO-SdBNP</subfield>
    <subfield code="b">spa</subfield>
    <subfield code="c">BNPHU</subfield>
  </datafield>
  <datafield tag="082" ind1=" " ind2=" ">
    <subfield code="a">972.93040922</subfield>
    <subfield code="b">L453m</subfield>
  </datafield>
  <datafield tag="100" ind1="1" ind2=" ">
    <subfield code="a">Lebr&#xF3;n de Anico, Rosa</subfield>
    <subfield code="9">2895</subfield>
  </datafield>
  <datafield tag="245" ind1="1" ind2="3">
    <subfield code="a">La mujer en la gesta hero&#xED;ca de la independencia nacional :</subfield>
    <subfield code="b">l&#xE1;grimas, sacrificio y renunciamiento /</subfield>
    <subfield code="c">Rosa Lebr&#xF3;n de Anico.</subfield>
  </datafield>
  <datafield tag="260" ind1=" " ind2=" ">
    <subfield code="a">Santo Domingo :</subfield>
    <subfield code="b">Ediciones Librer&#xED;a La Trinitaria,</subfield>
    <subfield code="c">2000.</subfield>
  </datafield>
  <datafield tag="300" ind1=" " ind2=" ">
    <subfield code="a">122 p. :</subfield>
    <subfield code="b">il. ;</subfield>
    <subfield code="c">21 cm.</subfield>
  </datafield>
  <datafield tag="500" ind1=" " ind2=" ">
    <subfield code="a">Incluye &#xED;ndice.</subfield>
  </datafield>
  <datafield tag="504" ind1=" " ind2=" ">
    <subfield code="a">Bibliograf&#xED;a : p. 121-122.</subfield>
  </datafield>
  <datafield tag="505" ind1="0" ind2="0">
    <subfield code="t">Invasiones haitianas a territorio dominicano --</subfield>
    <subfield code="t">Invasi&#xF3;n del a&#xF1;o 1801 --</subfield>
    <subfield code="t">Invasi&#xF3;n del a&#xF1;o 1805 --</subfield>
    <subfield code="t">Invasi&#xF3;n del a&#xF1;o 1822 --</subfield>
    <subfield code="t">Invasi&#xF3;n del 12 de junio de 1843 --</subfield>
    <subfield code="t">Invasi&#xF3;n del a&#xF1;o 1844 --</subfield>
    <subfield code="t">Invasi&#xF3;n del a&#xF1;o 1845 --</subfield>
    <subfield code="t">Invasiones de los a&#xF1;os 1849, 1855, 1856 --</subfield>
    <subfield code="t">Manuela D&#xED;ez --</subfield>
    <subfield code="t">Rosa Duarte --</subfield>
    <subfield code="t">Maria Antonia y Lluberes --</subfield>
    <subfield code="t">Ocupaci&#xF3;n haitiana --</subfield>
    <subfield code="t">Conspiraci&#xF3;n de Los Alcarrizos --</subfield>
    <subfield code="t">Las v&#xED;rgenes de Galindo --</subfield>
    <subfield code="t">Fundaci&#xF3;n de la Trinitaria --</subfield>
    <subfield code="t">Josefa Antonia P&#xE9;rez de la Paz (Do&#xF1;a Chepita) --</subfield>
    <subfield code="t">Sociedades La Dram&#xE1;tica y La Filantr&#xF3;pica --</subfield>
    <subfield code="t">Filomena G&#xF3;mez de Cova --</subfield>
    <subfield code="t">Concepci&#xF3;n Bona y Mar&#xED;a de Jes&#xFA;s Pina --</subfield>
    <subfield code="t">Las hermanas Villa --</subfield>
    <subfield code="t">Micaela de Rivera y Froilana Febles --</subfield>
    <subfield code="t">Olaya del Rosario de S&#xE1;nchez (Mam&#xE1; Olaya) --</subfield>
    <subfield code="t">Mujeres amadas por Francisco del Rosario S&#xE1;nchez --</subfield>
    <subfield code="t">Mar&#xED;a Evarista Hinojosa (Mimita Betancourt) --</subfield>
    <subfield code="t">Balbina de Pe&#xF1;a --</subfield>
    <subfield code="t">Mujeres que estuvieron presentes en los campos de acci&#xF3;n de la independencia --</subfield>
    <subfield code="t">Mar&#xED;a Baltasara de los Reyes --</subfield>
    <subfield code="t">Mar&#xED;a Trinidad S&#xE1;nchez --</subfield>
    <subfield code="t">Juana Saltitopa --</subfield>
    <subfield code="t">Mar&#xED;a Rosa Mont&#xE1;s --</subfield>
    <subfield code="t">Petronila Ga&#xFA; --</subfield>
    <subfield code="t">Petronila Abreu Delgado --</subfield>
    <subfield code="t">Altagracia Abreu de Ravelo --</subfield>
    <subfield code="t">Mujeres en la familia de Ram&#xF3;n Mat&#xED;as Mella --</subfield>
    <subfield code="t">Francisca Javier Castillo --</subfield>
    <subfield code="t">Josefa Brea --</subfield>
    <subfield code="t">Agustina Medrano de Castillo --</subfield>
    <subfield code="t">Ana Valverde --</subfield>
    <subfield code="t">Catalina Encarnaci&#xF3;n (Mam&#xE1; Catalina Ogando) --</subfield>
    <subfield code="t">Rosa Bastardo de Guillermo --</subfield>
    <subfield code="t">Poetisas que cantaron a la patria --</subfield>
    <subfield code="t">Mar&#xED;a Josefa P&#xE9;rez Guerra --</subfield>
    <subfield code="t">Francisca L&#xF3;pez</subfield>
  </datafield>
  <datafield tag="651" ind1=" " ind2="4">
    <subfield code="a">Rep&#xFA;blica Dominicana</subfield>
    <subfield code="x">Historia</subfield>
    <subfield code="y">SIGLO XIX</subfield>
    <subfield code="v">BIOGRAF&#xCD;AS</subfield>
    <subfield code="9">6585</subfield>
  </datafield>
  <datafield tag="650" ind1=" " ind2="4">
    <subfield code="a">Mujeres</subfield>
    <subfield code="z">Rep&#xFA;blica Dominicana</subfield>
    <subfield code="v">BIOGRAF&#xCD;AS</subfield>
    <subfield code="9">1939</subfield>
  </datafield>
  <datafield tag="650" ind1=" " ind2="4">
    <subfield code="a">Mujeres en la pol&#xED;tica</subfield>
    <subfield code="z">Rep&#xFA;blica Dominicana</subfield>
    <subfield code="9">6586</subfield>
  </datafield>
  <datafield tag="910" ind1=" " ind2=" ">
    <subfield code="a">Jornada de catalogaci&#xF3;n</subfield>
  </datafield>
  <datafield tag="952" ind1=" " ind2=" ">
    <subfield code="0">0</subfield>
    <subfield code="1">0</subfield>
    <subfield code="5">4</subfield>
    <subfield code="7">0</subfield>
    <subfield code="8">DS</subfield>
    <subfield code="a">GR</subfield>
    <subfield code="b">GR</subfield>
    <subfield code="c">HD</subfield>
    <subfield code="d">2009-06-30</subfield>
    <subfield code="i">LF1</subfield>
    <subfield code="l">0</subfield>
    <subfield code="o">972.93040922 L453m</subfield>
    <subfield code="p">2043-30</subfield>
    <subfield code="r">2020-06-25</subfield>
    <subfield code="t">e. 3</subfield>
    <subfield code="w">2020-06-25</subfield>
    <subfield code="y">LFDS</subfield>
    <subfield code="Z">Pr&#xE9;stamo en sala</subfield>
  </datafield>
  <datafield tag="952" ind1=" " ind2=" ">
    <subfield code="0">0</subfield>
    <subfield code="1">0</subfield>
    <subfield code="5">4</subfield>
    <subfield code="7">0</subfield>
    <subfield code="8">DS</subfield>
    <subfield code="a">GR</subfield>
    <subfield code="b">GR</subfield>
    <subfield code="c">HD</subfield>
    <subfield code="d">2010-02-04</subfield>
    <subfield code="i">LF1</subfield>
    <subfield code="l">0</subfield>
    <subfield code="o">972.93040922 L453m</subfield>
    <subfield code="p">2043-40</subfield>
    <subfield code="r">2020-06-25</subfield>
    <subfield code="t">e. 4</subfield>
    <subfield code="w">2020-06-25</subfield>
    <subfield code="y">LFDS</subfield>
    <subfield code="Z">Pr&#xE9;stamo en sala</subfield>
  </datafield>
  <datafield tag="952" ind1=" " ind2=" ">
    <subfield code="0">0</subfield>
    <subfield code="1">0</subfield>
    <subfield code="5">4</subfield>
    <subfield code="7">0</subfield>
    <subfield code="8">DS</subfield>
    <subfield code="a">GR</subfield>
    <subfield code="b">GR</subfield>
    <subfield code="c">HD</subfield>
    <subfield code="d">2010-02-04</subfield>
    <subfield code="i">LF1</subfield>
    <subfield code="l">0</subfield>
    <subfield code="o">972.93040922 L453m</subfield>
    <subfield code="p">2043-50</subfield>
    <subfield code="r">2020-06-25</subfield>
    <subfield code="t">e. 5</subfield>
    <subfield code="w">2020-06-25</subfield>
    <subfield code="y">LFDS</subfield>
    <subfield code="Z">Pr&#xE9;stamo en sala</subfield>
  </datafield>
  <datafield tag="952" ind1=" " ind2=" ">
    <subfield code="0">0</subfield>
    <subfield code="1">0</subfield>
    <subfield code="7">1</subfield>
    <subfield code="8">PD</subfield>
    <subfield code="a">PD</subfield>
    <subfield code="b">PD</subfield>
    <subfield code="c">HD</subfield>
    <subfield code="d">2009-06-30</subfield>
    <subfield code="i">LF1</subfield>
    <subfield code="l">0</subfield>
    <subfield code="o">972.93040922 L453m</subfield>
    <subfield code="p">2043-10</subfield>
    <subfield code="r">2020-06-25</subfield>
    <subfield code="w">2020-06-25</subfield>
    <subfield code="y">LFPD</subfield>
    <subfield code="Z">No se presta</subfield>
  </datafield>
  <datafield tag="952" ind1=" " ind2=" ">
    <subfield code="0">0</subfield>
    <subfield code="1">0</subfield>
    <subfield code="7">1</subfield>
    <subfield code="8">PD</subfield>
    <subfield code="a">PD</subfield>
    <subfield code="b">PD</subfield>
    <subfield code="c">HD</subfield>
    <subfield code="d">2009-06-30</subfield>
    <subfield code="i">LF1</subfield>
    <subfield code="l">0</subfield>
    <subfield code="o">972.93040922 L453m</subfield>
    <subfield code="p">2043-20</subfield>
    <subfield code="r">2020-06-25</subfield>
    <subfield code="t">e. 2</subfield>
    <subfield code="w">2020-06-25</subfield>
    <subfield code="y">LFPD</subfield>
    <subfield code="Z">No se presta</subfield>
  </datafield>
  <datafield tag="999" ind1=" " ind2=" ">
    <subfield code="c">1907</subfield>
    <subfield code="d">1907</subfield>
  </datafield>
</record>
